[Event "Festival Magistrale"]
[Site "Jesolo ITA"]
[Date "1999.12.??"]
[Round "4"]
[White "Naumkin, Igor"]
[Black "Vancini, Edoardo"]
[Result "1-0"]
[WhiteElo "2489"]
[BlackElo "2255"]
[PlyCount "75"]
[EventDate "1999.12.26"]

1. d4 Nf6 2. Nf3 e6 3. c4 Nc6 4. a3 d5 5. Nc3 g6 6. Bf4 Nh5 7. Bg5 Be7 8. Bh6
Bf8 9. Bxf8 Kxf8 10. e3 Nf6 11. Bd3 b6 12. O-O Kg7 13. Rc1 Bb7 14. cxd5 Nxd5
15. Nxd5 exd5 16. Qc2 a6 17. b4 Re8 18. Rfd1 Re6 19. Bf1 Qf6 20. Ne1 Kh8 21. g3
Rd6 22. Bg2 Nd8 23. Nd3 Ne6 24. h4 Rg8 25. Bh3 g5 26. Bxe6 Rxe6 27. hxg5 Rxg5
28. Qxc7 Bc6 29. Nf4 Rd6 30. Kg2 Bd7 31. Rh1 Bf5 32. f3 Rd8 33. Kf2 Re8 34. Qc6
Qd8 35. Qc7 Qf6 36. Nxd5 Qg7 37. Qf4 Be6 38. Nf6 1-0

[Event "Festival Magistrale"]
[Site "Jesolo ITA"]
[Date "1999.12.??"]
[Round "4"]
[White "Ortega, Lexy"]
[Black "Guido, Flavio"]
[Result "1-0"]
[WhiteElo "2499"]
[BlackElo "2367"]
[PlyCount "65"]
[EventDate "1999.12.26"]

1. d4 d5 2. c4 c6 3. Nf3 Nf6 4. Nc3 e6 5. e3 Nbd7 6. Bd3 dxc4 7. Bxc4 b5 8. Bd3
b4 9. Ne4 Be7 10. O-O O-O 11. Nxf6+ Nxf6 12. e4 Bb7 13. Qe2 c5 14. dxc5 Nd7 15.
c6 Bxc6 16. Be3 Qa5 17. Nd4 Bb7 18. Bb5 Nc5 19. Nb3 Nxb3 20. axb3 Qc7 21. Rfc1
Qe5 22. f4 Qxe4 23. Rc4 Qd5 24. Rd4 Qf5 25. Rd7 Bxg2 26. Kxg2 Qg6+ 27. Kf1 Bf6
28. Bd3 Qh6 29. Kg2 a5 30. Be4 Rad8 31. Rxd8 Rxd8 32. Rxa5 Qh4 33. Rh5 1-0

[Event "Festival Magistrale"]
[Site "Jesolo ITA"]
[Date "1999.12.??"]
[Round "4"]
[White "Patelli, Alessandro"]
[Black "Danieli, Enrico"]
[Result "1-0"]
[WhiteElo "2225"]
[BlackElo "2039"]
[PlyCount "53"]
[EventDate "1999.12.26"]

1. Nf3 d5 2. d4 e6 3. c4 Nf6 4. Bg5 Be7 5. cxd5 exd5 6. Nc3 c6 7. Qc2 O-O 8. e3
Nbd7 9. Bd3 Re8 10. O-O Nf8 11. Bxf6 Bxf6 12. b4 Qd6 13. Rab1 Bg4 14. Nd2 Bd8
15. Rfc1 Re6 16. Nf1 Bh4 17. Rb2 Rf6 18. Qb3 Ne6 19. b5 Ng5 20. bxc6 bxc6 21.
Qb7 Rf8 22. Rbc2 Bf3 23. Ng3 Bxg2 24. Nh5 Rg6 25. Kxg2 Qe6 26. f4 Ne4+ 27. Ng3
{...} 1-0

[Event "Festival Magistrale"]
[Site "Jesolo ITA"]
[Date "1999.12.??"]
[Round "4"]
[White "Rossato, Armando"]
[Black "Klaric, Zlatko"]
[Result "0-1"]
[WhiteElo "2219"]
[BlackElo "2422"]
[PlyCount "98"]
[EventDate "1999.12.26"]

1. d4 d5 2. Nf3 Bf5 3. c4 e6 4. Nc3 c6 5. Bf4 Bd6 6. Bxd6 Qxd6 7. Qb3 b6 8.
cxd5 exd5 9. Rc1 Nd7 10. e3 Ngf6 11. Be2 O-O 12. O-O Bg4 13. h3 Bf5 14. Qa4 a5
15. Nh4 Be6 16. Qc2 Rfe8 17. Nf5 Qf8 18. Bd3 Rac8 19. Ng3 b5 20. f3 b4 21. Na4
Qd6 22. Qf2 c5 23. f4 c4 24. Bc2 Ne4 25. Bxe4 dxe4 26. Nxe4 Qc6 27. Nec5 f5 28.
Qe2 Nxc5 29. Nxc5 Bd5 30. Qd2 Re7 31. a3 Rce8 32. Nd3 Bxg2 33. Ne5 Rxe5 34.
fxe5 Bxf1 35. Rxf1 c3 36. bxc3 bxc3 37. Qa2+ Kh8 38. Rc1 Rb8 39. Qc2 Rb2 40.
Qxb2 cxb2 41. Rxc6 b1=Q+ 42. Kf2 g5 43. e6 Kg7 44. Rc5 Qa2+ 45. Kf3 Qxe6 46.
Rxa5 Qe4+ 47. Kf2 g4 48. hxg4 fxg4 49. Re5 Qf3+ 0-1

[Event "Festival Magistrale"]
[Site "Jesolo ITA"]
[Date "1999.12.??"]
[Round "4"]
[White "Samaritani, Fabio"]
[Black "Ausmins, Elmar"]
[Result "1-0"]
[WhiteElo "2281"]
[BlackElo "2261"]
[PlyCount "121"]
[EventDate "1999.12.26"]

1. e4 c5 2. Nf3 d6 3. d4 cxd4 4. Nxd4 Nf6 5. Nc3 Nc6 6. Bg5 e6 7. Qd2 Be7 8.
O-O-O O-O 9. f3 Nxd4 10. Qxd4 Qa5 11. Qd2 h6 12. Be3 a6 13. Kb1 Qc7 14. Bd3 b5
15. g4 b4 16. Ne2 d5 17. e5 d4 18. exf6 dxe3 19. Qxe3 Bxf6 20. Qe4 g6 21. Qxa8
Bb7 22. Qa7 Qe5 23. Qd4 Qxd4 24. Nxd4 Bxd4 25. Be4 Bxe4 26. fxe4 e5 27. Rhf1
Kg7 28. Rf3 Rc8 29. a3 a5 30. Rdd3 Rc7 31. c3 bxc3 32. bxc3 Bg1 33. h3 Bh2 34.
Rd5 Rc4 35. Rxa5 Rxe4 36. Ra7 Bf4 37. Kc2 Re2+ 38. Kb3 g5 39. a4 Re1 40. Rd3 e4
41. Re7 e3 42. Rd4 Kf6 43. Rde4 Rb1+ 44. Ka2 Rb6 45. Rxe3 Bxe3 46. Rxe3 Kg6 47.
Ka3 f5 48. a5 Ra6 49. Kb4 h5 50. Kb5 Rf6 51. a6 hxg4 52. a7 Rf8 53. hxg4 fxg4
54. c4 Kh5 55. c5 Kh4 56. Kb6 g3 57. Re1 g2 58. Rg1 Kh3 59. c6 Kh2 60. Rxg2+
Kxg2 61. Kb7 1-0

[Event "Festival Magistrale"]
[Site "Jesolo ITA"]
[Date "1999.12.??"]
[Round "4"]
[White "Solinas, Carlo"]
[Black "Scalcione, Michelangelo"]
[Result "0-1"]
[WhiteElo "2087"]
[BlackElo "2177"]
[PlyCount "123"]
[EventDate "1999.12.26"]

1. e4 e5 2. Nf3 d6 3. Bc4 Be7 4. d4 exd4 5. Nxd4 Nf6 6. Nc3 O-O 7. f3 c6 8. Bb3
b5 9. Be3 a6 10. Nde2 Nbd7 11. a4 b4 12. Na2 Ne5 13. Nxb4 d5 14. Nd3 dxe4 15.
Nxe5 Qa5+ 16. Qd2 Qxe5 17. Qd4 Qxd4 18. Nxd4 exf3 19. gxf3 Bd7 20. Kf2 c5 21.
Ne2 Rfc8 22. Bc4 Bf5 23. Rac1 Nd7 24. Bd5 Rab8 25. b3 Bf6 26. Ng3 Bg6 27. h4
Bb2 28. Rcd1 Bd4 29. Rd2 Nf6 30. h5 Bxe3+ 31. Kxe3 Nxd5+ 32. Rxd5 Bxc2 33. Rc1
Bxb3 34. Rdxc5 Rxc5 35. Rxc5 Bxa4 36. h6 gxh6 37. Nf5 Bd7 38. Ne7+ Kf8 39. Nd5
Rb5 40. Nf6 Ke7 41. Rc7 Kxf6 42. Rxd7 Re5+ 43. Kf4 Re7 44. Rd5 Ra7 45. Ra5 Ke6
46. Kg4 Kd6 47. Kh5 Kc6 48. Kxh6 Kb6 49. Ra1 a5 50. Kxh7 a4 51. f4 Kc5 52. f5
a3 53. f6 Kb4 54. Kg7 Kb3 55. Re1 a2 56. Kf8 Rb7 57. Ke8 Kb2 58. Re2+ Ka3 59.
Re3+ Rb3 60. Re1 Rb7 61. Re3+ Ka4 62. Re4+ 0-1

[Event "Festival Magistrale"]
[Site "Jesolo ITA"]
[Date "1999.12.??"]
[Round "4"]
[White "Timoscenko, Gennadij A."]
[Black "Rogulj, Branko"]
[Result "1-0"]
[WhiteElo "2536"]
[BlackElo "2427"]
[PlyCount "132"]
[EventDate "1999.12.26"]

1. d4 Nf6 2. c4 g6 3. Nc3 d5 4. cxd5 Nxd5 5. Bd2 Nb6 6. Bg5 Bg7 7. e3 O-O 8.
Nf3 c5 9. dxc5 N6d7 10. Rc1 Nc6 11. Bb5 Nxc5 12. O-O h6 13. Bh4 g5 14. Bg3 Bf5
15. Qd5 Qxd5 16. Nxd5 e6 17. Bxc6 exd5 18. Bxd5 Ne4 19. Be5 Bxe5 20. Nxe5 Rae8
21. Nf3 Re7 22. Nd4 Bg6 23. Rfd1 Rd8 24. Bb3 Nf6 25. Bc2 Kh7 26. Bxg6+ Kxg6 27.
Kf1 Red7 28. Ke2 h5 29. h3 Nd5 30. Nb3 b6 31. Rd2 Ne7 32. Rxd7 Rxd7 33. Nd4 Kf6
34. g4 h4 35. a3 Ke5 36. Rd1 Kf6 37. f4 gxf4 38. exf4 Rd5 39. Ke3 Rd7 40. Rd3
Rc7 41. Nf3 Rc2 42. Rd6+ Kg7 43. Rd7 Kf8 44. f5 f6 45. Rd2 Rc1 46. Kf2 Nc6 47.
Nxh4 Ne5 48. Nf3 Nc4 49. Rd7 Rc2+ 50. Kg3 Rxb2 51. Nd4 a5 52. g5 fxg5 53. f6
Ne5 54. Ne6+ Kg8 55. Rg7+ Kh8 56. Rxg5 Rb3+ 57. Kf4 Nd3+ 58. Ke4 Nf2+ 59. Kf5
Rf3+ 60. Kg6 Ne4 61. Rf5 Rg3+ 62. Ng5 Rxg5+ 63. Rxg5 Nxg5 64. Kxg5 b5 65. Kf5
Kg8 66. Ke6 Kf8 1-0

[Event "Festival Magistrale"]
[Site "Jesolo ITA"]
[Date "1999.12.??"]
[Round "4"]
[White "Ventura, Boris"]
[Black "Caruso, Augusto"]
[Result "0-1"]
[WhiteElo "2127"]
[BlackElo "2219"]
[PlyCount "50"]
[EventDate "1999.12.26"]

1. e4 e5 2. Nf3 Nc6 3. d4 exd4 4. c3 dxc3 5. Nxc3 Bb4 6. Bc4 d6 7. Qb3 Qe7 8.
O-O Bxc3 9. bxc3 Nf6 10. e5 Nxe5 11. Nxe5 dxe5 12. Ba3 c5 13. Bb5+ Kf8 14. f4
e4 15. f5 h5 16. Rad1 Kg8 17. Bc4 Bd7 18. Qxb7 Kh7 19. Bd5 e3 20. Rfe1 e2 21.
Rd3 Rab8 22. Qc7 Nxd5 23. Rxd5 Qe3+ 24. Kh1 Qf2 25. Qg3 Qf1+ 0-1

[Event "Festival Magistrale"]
[Site "Jesolo ITA"]
[Date "1999.12.??"]
[Round "5"]
[White "Alberton, Roberto"]
[Black "Vancini, Edoardo"]
[Result "0-1"]
[WhiteElo "2138"]
[BlackElo "2255"]
[PlyCount "76"]
[EventDate "1999.12.26"]

1. d4 Nf6 2. c4 Nc6 3. Nf3 e6 4. Nc3 Bb4 5. Qc2 h6 6. a3 Bxc3+ 7. Qxc3 d6 8. b4
O-O 9. Bb2 Re8 10. Rd1 Qe7 11. b5 Nb8 12. e3 Nbd7 13. Be2 b6 14. O-O Bb7 15.
Nd2 e5 16. Bf3 Bxf3 17. Nxf3 e4 18. Nd2 Nf8 19. f3 exf3 20. Rxf3 N8h7 21. Re1
Ng5 22. Rff1 Nfe4 23. Nxe4 Nxe4 24. Qb4 Qg5 25. d5 a5 26. bxa6 Nc5 27. Qd2 Rxa6
28. Rf3 Re4 29. Rf4 Qg6 30. Ref1 Rxf4 31. Rxf4 Qb1+ 32. Rf1 Qd3 33. Qf2 Qg6 34.
Qh4 Nd3 35. Qd4 Ra4 36. Rf3 Ne5 37. Rf1 Rxc4 38. Qd2 Rc2 0-1

[Event "Festival Magistrale"]
[Site "Jesolo ITA"]
[Date "1999.12.??"]
[Round "5"]
[White "Ausmins, Elmar"]
[Black "Ventura, Boris"]
[Result "1-0"]
[WhiteElo "2261"]
[BlackElo "2127"]
[PlyCount "54"]
[EventDate "1999.12.26"]

1. d4 Nf6 2. Nf3 g6 3. c4 Bg7 4. Nc3 d6 5. e4 Bg4 6. Be2 O-O 7. Be3 Nfd7 8. Ng1
Bxe2 9. Ngxe2 c5 10. d5 Ne5 11. b3 a6 12. a4 Qa5 13. O-O Nxc4 14. bxc4 Bxc3 15.
Rb1 Bb4 16. Bh6 Re8 17. f4 Nd7 18. Qd3 b5 19. Qh3 Qc7 20. Rf3 e6 21. Qh4 Qd8
22. Bg5 f6 23. dxe6 fxg5 24. fxg5 Rxe6 25. Rf7 Kxf7 26. Qxh7+ Ke8 27. Rf1 27...
Ne5 {...} 1-0

[Event "Festival Magistrale"]
[Site "Jesolo ITA"]
[Date "1999.12.??"]
[Round "5"]
[White "Caruso, Augusto"]
[Black "Dancevski, Orce"]
[Result "0-1"]
[WhiteElo "2219"]
[BlackElo "2429"]
[PlyCount "90"]
[EventDate "1999.12.26"]

1. e4 c5 2. Nf3 g6 3. c3 Bg7 4. d4 b6 5. Bd3 Bb7 6. O-O Nh6 7. Bf4 f6 8. Re1
Nf7 9. h4 O-O 10. Na3 Nc6 11. d5 Nce5 12. Bxe5 fxe5 13. h5 Bf6 14. Nc4 d6 15.
Be2 Bc8 16. Ne3 Nh6 17. Qd2 Kg7 18. a4 Bd7 19. c4 a6 20. a5 b5 21. b4 Nf7 22.
Reb1 Rb8 23. cxb5 axb5 24. a6 Qc7 25. bxc5 dxc5 26. a7 Ra8 27. Bxb5 Bxb5 28.
Rxb5 Nd6 29. h6+ Kg8 30. Rba5 Nxe4 31. d6 Nxd6 32. Qd5+ Kh8 33. Nxe5 Nb7 34.
Nf7+ Rxf7 35. Qxf7 Nxa5 36. Nd5 Qe5 37. Rxa5 Qe1+ 38. Kh2 Be5+ 39. g3 Qxa5 40.
Qxe7 Qe1 41. Qxc5 Qd2 42. Nb6 Bd4 43. Qd5 Qxf2+ 44. Kh3 Qf1+ 45. Kh4 Bf6+ 0-1

[Event "Festival Magistrale"]
[Site "Jesolo ITA"]
[Date "1999.12.??"]
[Round "5"]
[White "Costantini, Roberto"]
[Black "Rossato, Armando"]
[Result "1-0"]
[WhiteElo "2196"]
[BlackElo "2219"]
[PlyCount "99"]
[EventDate "1999.12.26"]

1. e4 e6 2. d4 d5 3. Nc3 Bb4 4. e5 c5 5. a3 Bxc3+ 6. bxc3 Qc7 7. Nf3 Ne7 8. h4
Qa5 9. Bd2 Qa4 10. h5 Nbc6 11. Qb1 c4 12. h6 g6 13. Bg5 Bd7 14. Bf6 O-O 15. Qc1
Qa5 16. Qd2 b5 17. Be2 Rfb8 18. g4 Qd8 19. Ng5 Qe8 20. Rh3 a5 21. Rf3 Nd8 22.
Nh3 b4 23. axb4 axb4 24. Rxa8 Rxa8 25. cxb4 Ra1+ 26. Bd1 Ba4 27. Ng5 Bb5 28.
Qc3 Ra2 29. Kf1 Nec6 30. Kg2 Ra4 31. Qd2 Ra2 32. Qe3 Qf8 33. c3 Ra1 34. Bc2 Ne7
35. Nh3 Qe8 36. Qg5 Ndc6 37. Qf4 Ra2 38. Bb1 Ra1 39. Qc1 Ra7 40. Nf4 Ra1 41.
Bg7 Qc8 42. Qb2 Ra8 43. Qe2 Ba4 44. Nh5 f5 45. Nf6+ Kf7 46. Qe1 Ng8 47. gxf5
exf5 48. Nxh7 Nge7 49. Ng5+ Kg8 50. Bf6 1-0

[Event "Festival Magistrale"]
[Site "Jesolo ITA"]
[Date "1999.12.??"]
[Round "5"]
[White "Danieli, Enrico"]
[Black "Solinas, Carlo"]
[Result "1-0"]
[WhiteElo "2039"]
[BlackElo "2087"]
[PlyCount "67"]
[EventDate "1999.12.26"]

1. Nf3 f5 2. d3 Nf6 3. e4 fxe4 4. dxe4 Nxe4 5. Bd3 Nf6 6. Ng5 e5 7. Nxh7 Qe7 8.
Bg6+ Kd8 9. Ng5 Rh4 10. Nf7+ Ke8 11. O-O Qxf7 12. Bxf7+ Kxf7 13. Bg5 Rh8 14.
Nc3 c6 15. Re1 d5 16. Bxf6 gxf6 17. Nxd5 Nd7 18. Nc3 Nb6 19. Qf3 Bd6 20. Ne4
Be7 21. Rad1 Nd5 22. g3 Rg8 23. Qh5+ Rg6 24. Rd2 Kg7 25. Qd1 Bf5 26. f3 Be6 27.
c4 Nf4 28. Kh1 Nh5 29. b3 f5 30. Nd6 Rh8 31. Kg1 Nf4 32. Rxe5 Nh3+ 33. Kf1 Bxd6
34. Rxd6 1-0

[Event "Festival Magistrale"]
[Site "Jesolo ITA"]
[Date "1999.12.??"]
[Round "5"]
[White "Fercec, Nenad"]
[Black "Timoscenko, Gennadij A."]
[Result "0-1"]
[WhiteElo "2476"]
[BlackElo "2536"]
[PlyCount "74"]
[EventDate "1999.12.26"]

1. e4 e5 2. Nf3 Nc6 3. d4 exd4 4. Nxd4 Bc5 5. Be3 Qf6 6. c3 Nge7 7. Bc4 O-O 8.
O-O Bb6 9. Kh1 Qg6 10. Nd2 Ne5 11. Be2 d5 12. Bh5 Qd6 13. f4 N5c6 14. f5 Nxd4
15. cxd4 dxe4 16. Nxe4 Qc6 17. Qg4 Nd5 18. Bg1 Nf6 19. Nxf6+ Qxf6 20. Be3 h6
21. Rad1 Bd7 22. Qg3 Bb5 23. Rf2 Rae8 24. h3 Re4 25. Bf4 Rxd4 26. Rxd4 Bxd4 27.
Rd2 c5 28. Bg4 Re8 29. Rd1 Bc6 30. b3 a5 31. Rc1 a4 32. bxa4 Ra8 33. Re1 Rxa4
34. Bf3 Rxa2 35. Bxc6 Qxc6 36. f6 Qxf6 37. Re8+ Kh7 0-1

[Event "Festival Magistrale"]
[Site "Jesolo ITA"]
[Date "1999.12.??"]
[Round "5"]
[White "Godena, Michele"]
[Black "Drazic, Sinisa"]
[Result "0-1"]
[WhiteElo "2490"]
[BlackElo "2493"]
[PlyCount "58"]
[EventDate "1999.12.26"]

1. e4 Nf6 2. e5 Nd5 3. d4 d6 4. Nf3 Nb6 5. Nc3 dxe5 6. Nxe5 N8d7 7. Qf3 Nxe5 8.
dxe5 c6 9. Bf4 Be6 10. Rd1 Nd7 11. Be2 h6 12. h4 g6 13. Qg3 Qa5 14. O-O Bg7 15.
Bg4 Bxg4 16. Qxg4 Nf8 17. Bg3 Ne6 18. f4 Qb4 19. Qf3 Qxb2 20. f5 gxf5 21. Qxf5
O-O 22. Ne4 Rad8 23. Rxd8 Qb6+ 24. Kh2 Qxd8 25. Qg4 Kh8 26. Rf5 Qc8 27. Rh5 Nd4
28. Qf4 Qe6 29. Ng5 Qg6 0-1

[Event "Festival Magistrale"]
[Site "Jesolo ITA"]
[Date "1999.12.??"]
[Round "5"]
[White "Golubovic, Boris"]
[Black "Colovic, Aleksandar"]
[Result "1-0"]
[WhiteElo "2457"]
[BlackElo "2423"]
[PlyCount "125"]
[EventDate "1999.12.26"]

1. d4 Nf6 2. g3 c5 3. d5 b5 4. Bg2 Bb7 5. e4 d6 6. a4 a6 7. Nh3 g6 8. O-O Bg7
9. f4 O-O 10. Nf2 Nbd7 11. g4 Nb6 12. Nc3 Nfd7 13. g5 b4 14. Ne2 a5 15. Ng4 Ba6
16. Rf3 f5 17. exf5 gxf5 18. Nh6+ Bxh6 19. gxh6 Nf6 20. b3 Kh8 21. Bb2 Bxe2 22.
Qxe2 Nbxd5 23. Re1 Ra7 24. Qe6 Nc3 25. Qxf5 Qd7 26. Qxd7 Rxd7 27. Bh3 Rg8+ 28.
Kf1 Rb7 29. Be6 Rg6 30. Rh3 Ng8 31. Ree3 Nf6 32. f5 Rg4 33. Reg3 Rd4 34. Rxc3
bxc3 35. Bxc3 Rf4+ 36. Ke2 c4 37. Rg3 Rb8 38. Rg7 cxb3 39. Rxe7 Re4+ 40. Kd3
Re5 41. Bxe5 dxe5 42. cxb3 Rd8+ 43. Ke2 Ng4 44. h3 Nxh6 45. Ke3 Ng8 46. Bxg8
Kxg8 47. Rxe5 Rb8 48. Rb5 Rc8 49. Kd4 Rd8+ 50. Kc4 Rc8+ 51. Rc5 Ra8 52. b4 axb4
53. Kxb4 Kg7 54. a5 Rb8+ 55. Rb5 Ra8 56. Kc5 Kf6 57. Kb6 Rb8+ 58. Kc6 Ra8 59.
Kb7 Rg8 60. a6 Rg7+ 61. Kb6 h5 62. a7 Rg8 63. Ka6 1-0

[Event "Festival Magistrale"]
[Site "Jesolo ITA"]
[Date "1999.12.??"]
[Round "5"]
[White "Guido, Flavio"]
[Black "Patelli, Alessandro"]
[Result "0-1"]
[WhiteElo "2367"]
[BlackElo "2225"]
[PlyCount "130"]
[EventDate "1999.12.26"]

1. e4 c5 2. c3 Nf6 3. e5 Nd5 4. d4 cxd4 5. Nf3 Nc6 6. Bc4 Nb6 7. Bb3 d5 8. exd6
Qxd6 9. O-O e6 10. cxd4 Be7 11. Nc3 O-O 12. Be3 Nd5 13. Nxd5 exd5 14. Qd2 Be6
15. Rac1 Rfc8 16. a3 Qd8 17. Ne5 Na5 18. Bc2 Nc4 19. Qe2 Qe8 20. Bd3 Nd6 21.
Bd2 Bf5 22. Bxf5 Nxf5 23. Bc3 Nd6 24. Bb4 Ne4 25. Bxe7 Qxe7 26. Qb5 Nf6 27.
Rfe1 Re8 28. h3 Rac8 29. Kh2 h6 30. g3 Rb8 31. Re3 Qd6 32. Kg2 Ne4 33. Nd3 Re7
34. Nf4 Rd8 35. Rce1 Red7 36. Rc1 Nf6 37. Re5 Re7 38. Rce1 Red7 39. Qa5 a6 40.
Qd2 Rc8 41. Qe3 Rcd8 42. Qb3 Rc8 43. Qd3 Qb6 44. R1e2 Rcd8 45. g4 Qc6 46. Rc2
Qd6 47. f3 g5 48. Ne2 Nh7 49. Ng3 Nf8 50. Nf5 Ng6 51. Nxd6 Nf4+ 52. Kf1 Nxd3
53. Re3 Rxd6 54. Rxd3 Re8 55. Rc7 Rde6 56. Rd2 R8e7 57. Rdc2 Re1+ 58. Kf2 R1e2+
59. Kg3 Rxc7 60. Rxe2 Rc4 61. Rd2 Kg7 62. h4 Kf6 63. f4 gxh4+ 64. Kxh4 Kg6 65.
f5+ Kf6 0-1

[Event "Festival Magistrale"]
[Site "Jesolo ITA"]
[Date "1999.12.??"]
[Round "5"]
[White "Iordachescu, Viorel"]
[Black "Djuric, Stefan"]
[Result "1-0"]
[WhiteElo "2553"]
[BlackElo "2504"]
[PlyCount "85"]
[EventDate "1999.12.26"]

1. e4 c5 2. Nf3 e6 3. d4 cxd4 4. Nxd4 Nc6 5. Nc3 a6 6. Be2 Qb6 7. Nxc6 bxc6 8.
O-O Qc7 9. f4 d5 10. f5 Qa7+ 11. Kh1 d4 12. Na4 e5 13. c3 c5 14. b4 Nf6 15.
bxc5 dxc3 16. Be3 Be7 17. Bf3 O-O 18. Qe1 Qc7 19. Qxc3 Bb7 20. Qc2 Rab8 21. Nb6
Rfd8 22. Rfc1 Bc6 23. Rab1 h6 24. h3 Bf8 25. a4 a5 26. Bf2 Rb7 27. Qc4 Rbb8 28.
Qe2 Rb7 29. Rd1 Rxd1+ 30. Rxd1 Qb8 31. Be1 Ra7 32. Nc4 Qe8 33. Ra1 Qa8 34. Nxe5
Bxe4 35. Bxe4 Qxe4 36. Qxe4 Nxe4 37. c6 Bd6 38. Nc4 Ng3+ 39. Kh2 Nxf5+ 40. Nxd6
Nxd6 41. Rd1 Ne8 42. Rd8 Kf8 43. Bf2 1-0

[Event "Festival Magistrale"]
[Site "Jesolo ITA"]
[Date "1999.12.??"]
[Round "5"]
[White "Klaric, Zlatko"]
[Black "Borgo, Giulio"]
[Result "1-0"]
[WhiteElo "2422"]
[BlackElo "2444"]
[PlyCount "63"]
[EventDate "1999.12.26"]

1. d4 Nf6 2. Bg5 d5 3. c3 c6 4. Nd2 Bf5 5. Ngf3 Nbd7 6. e3 h6 7. Bf4 e6 8. Ne5
Nxe5 9. dxe5 Nd7 10. Nf3 g5 11. Bg3 Bg7 12. h4 Bxe5 13. hxg5 hxg5 14. Rxh8+
Bxh8 15. Nd4 Be5 16. Bxe5 Nxe5 17. Qh5 Qf6 18. Qd1 O-O-O 19. f3 Bh7 20. Qa4 Kb8
21. O-O-O c5 22. Nb3 Qf5 23. e4 Qf4+ 24. Kb1 Rc8 25. Qb5 a6 26. Qa5 c4 27. Nc5
Qe3 28. b4 cxb3 29. Nxa6+ bxa6 30. Rd4 Qe1+ 31. Kb2 Qxf1 32. axb3 1-0

[Event "Festival Magistrale"]
[Site "Jesolo ITA"]
[Date "1999.12.??"]
[Round "5"]
[White "Miladinovic, Igor"]
[Black "Komarov, Dimitri"]
[Result "1/2-1/2"]
[WhiteElo "2526"]
[BlackElo "2582"]
[PlyCount "32"]
[EventDate "1999.12.26"]

1. d4 e6 2. c4 Nf6 3. Nc3 Bb4 4. g3 O-O 5. Bg2 d5 6. cxd5 exd5 7. Nf3 c6 8. O-O
Re8 9. Qb3 Na6 10. a3 Bf8 11. Bf4 Nc7 12. Rad1 Ne6 13. Bc1 Qb6 14. Qc2 g6 15.
Rfe1 Bg7 16. e3 Nf8 1/2-1/2

[Event "Festival Magistrale"]
[Site "Jesolo ITA"]
[Date "1999.12.??"]
[Round "5"]
[White "Mosca, Leonildo"]
[Black "Scalcione, Michelangelo"]
[Result "1/2-1/2"]
[WhiteElo "2102"]
[BlackElo "2177"]
[PlyCount "39"]
[EventDate "1999.12.26"]

1. e4 e5 2. Bc4 Nf6 3. d3 Bc5 4. Nf3 d6 5. c3 O-O 6. O-O Bg4 7. Re1 Nc6 8. Bb3
Ne7 9. Nbd2 Ng6 10. h3 Be6 11. d4 Bxb3 12. Qxb3 Bb6 13. dxe5 Nxe5 14. Nxe5 dxe5
15. Nc4 Nd7 16. Nxb6 Nc5 17. Qc2 axb6 18. Be3 Qe7 19. Rad1 Rfd8 20. a3 1/2-1/2

[Event "Festival Magistrale"]
[Site "Jesolo ITA"]
[Date "1999.12.??"]
[Round "5"]
[White "Mrdja, Milan"]
[Black "Gallo, Enrico"]
[Result "1-0"]
[WhiteElo "2425"]
[BlackElo "2155"]
[PlyCount "97"]
[EventDate "1999.12.26"]

1. e4 e6 2. d4 d5 3. Nc3 Bb4 4. e5 c5 5. a3 Bxc3+ 6. bxc3 Nc6 7. Nf3 Nge7 8. a4
Qa5 9. Bd2 c4 10. Ng5 h6 11. Nh3 Bd7 12. Nf4 g6 13. Be2 O-O-O 14. O-O Rdf8 15.
g3 f6 16. exf6 Rxf6 17. Ng2 e5 18. dxe5 Nxe5 19. Be3 N7c6 20. Bd4 Be6 21. f4
Nxd4 22. Qxd4 Nd7 23. Ne3 Rd8 24. Bf3 Rf7 25. Bxd5 Bxd5 26. Nxd5 Nb6 27. Nxb6+
Qxb6 28. Qxb6 axb6 29. Rad1 Rfd7 30. Rxd7 Rxd7 31. f5 gxf5 32. Rxf5 Rd6 33. Kg2
Kd7 34. g4 Ke6 35. Rf2 Rd5 36. Kg3 Re5 37. Kf3 Kf6 38. h4 Ra5 39. Ke4+ Kg6 40.
Rd2 Rxa4 41. Rd6+ Kg7 42. Rxb6 Ra2 43. Rxb7+ Kg6 44. Rb6+ Kg7 45. Kf5 Rxc2 46.
Rb7+ Kf8 47. Kg6 Rh2 48. h5 Rg2 49. Rf7+ 1-0

[Event "Festival Magistrale"]
[Site "Jesolo ITA"]
[Date "1999.12.??"]
[Round "5"]
[White "Naumkin, Igor"]
[Black "Chatalbashev, Boris"]
[Result "0-1"]
[WhiteElo "2489"]
[BlackElo "2524"]
[PlyCount "68"]
[EventDate "1999.12.26"]

1. d4 g6 2. e4 Bg7 3. Nf3 c5 4. Nc3 cxd4 5. Nxd4 Nc6 6. Nb3 Nf6 7. Be2 O-O 8.
O-O d6 9. Kh1 Be6 10. f4 Na5 11. Nxa5 Qxa5 12. Bf3 Rac8 13. Be3 Rfd8 14. Nd5
Bxd5 15. exd5 b5 16. c3 Re8 17. Bd4 Nd7 18. Bg4 Rc7 19. Re1 Bxd4 20. Qxd4 Nf6
21. Bf3 Rc4 22. Qe3 b4 23. cxb4 Rxb4 24. b3 Nxd5 25. Bxd5 Qxd5 26. Qxa7 Rxf4
27. Rxe7 Rxe7 28. Qxe7 Rf2 29. Rg1 Rxa2 30. Qe8+ Kg7 31. Qe3 h5 32. h3 Rd2 33.
Qf3 Qxf3 34. gxf3 Rb2 0-1

[Event "Festival Magistrale"]
[Site "Jesolo ITA"]
[Date "1999.12.??"]
[Round "5"]
[White "Palac, Mladen"]
[Black "Dervishi, Erald"]
[Result "1-0"]
[WhiteElo "2610"]
[BlackElo "2496"]
[PlyCount "63"]
[EventDate "1999.12.26"]

1. e4 e5 2. Nf3 Nc6 3. Bb5 a6 4. Ba4 Nf6 5. O-O Be7 6. Re1 b5 7. Bb3 d6 8. a4
b4 9. a5 O-O 10. c3 Rb8 11. Bc4 Bb7 12. d4 bxc3 13. Nxc3 exd4 14. Nxd4 Ne5 15.
Bb3 c5 16. Nf5 c4 17. Bc2 Bc8 18. Ne3 Rb4 19. Ned5 Nxd5 20. Nxd5 Rb5 21. Be3
Nd7 22. Bd4 Bb7 23. Ba4 Rxa5 24. Bc3 Rc5 25. Nxe7+ Qxe7 26. Bb4 Ne5 27. Bxc5
dxc5 28. Qc2 Qg5 29. Re3 f5 30. Rg3 Qf4 31. exf5 Rxf5 32. Rf1 {...} 1-0

[Event "Festival Magistrale"]
[Site "Jesolo ITA"]
[Date "1999.12.??"]
[Round "5"]
[White "Rogulj, Branko"]
[Black "Samaritani, Fabio"]
[Result "1/2-1/2"]
[WhiteElo "2427"]
[BlackElo "2281"]
[PlyCount "103"]
[EventDate "1999.12.26"]

1. e4 e5 2. Nf3 Nc6 3. Bb5 a6 4. Ba4 Nf6 5. O-O b5 6. Bb3 Bc5 7. c3 d6 8. d4
Bb6 9. h3 O-O 10. Re1 Bb7 11. a4 Ne7 12. Bc2 Ng6 13. d5 Rb8 14. axb5 axb5 15.
Na3 Bc8 16. b4 Bd7 17. Bd3 Qe8 18. Qe2 Nh5 19. Bxb5 Nhf4 20. Qc4 f5 21. exf5
Rxf5 22. Qe4 Qf7 23. Bxd7 Qxd7 24. Nc4 Rbf8 25. Nxb6 cxb6 26. Bxf4 Rxf4 27. Qd3
Rxf3 28. gxf3 Qxh3 29. Qf1 Qh5 30. Re4 Nh4 31. Rxh4 Qxh4 32. Qg2 Qf4 33. Qh3
Qxf3 34. Qxf3 Rxf3 35. Ra6 Rxc3 36. Rxb6 Rb3 37. b5 h5 38. Kg2 Kf7 39. Kh2 e4
40. Kg2 Ke7 41. Rb8 Kf6 42. Re8 Rxb5 43. Re6+ Kf5 44. Rxd6 g5 45. Rd8 Rb2 46.
d6 Rd2 47. d7 Kg4 48. Re8 Rxd7 49. Rxe4+ Kf5 50. Re2 h4 51. Ra2 Rd5 52. Ra8
1/2-1/2

[Event "Festival Magistrale"]
[Site "Jesolo ITA"]
[Date "1999.12.??"]
[Round "5"]
[White "Rotstein, Arkadij"]
[Black "Ortega, Lexy"]
[Result "1-0"]
[WhiteElo "2460"]
[BlackElo "2499"]
[PlyCount "61"]
[EventDate "1999.12.26"]

1. g3 e5 2. c4 c6 3. d4 exd4 4. Qxd4 d5 5. Bg2 Nf6 6. Nf3 dxc4 7. Qxd8+ Kxd8 8.
O-O Be6 9. Ng5 Nbd7 10. Nd2 Nb6 11. Nxe6+ fxe6 12. Bh3 Bb4 13. Nf3 Ke7 14. a3
Ba5 15. Nd4 e5 16. Nf5+ Kf8 17. Nd6 Rb8 18. Be3 Ne8 19. f4 exf4 20. Ne4 Na4 21.
Bxa7 Rd8 22. Rad1 Rd5 23. Be6 Nc7 24. Bxd5 cxd5 25. Nd6 b6 26. Bb8 Na6 27. Rxd5
Nxb8 28. Nxc4 Nc6 29. Nxa5 bxa5 30. Rc1 Nb6 31. Rd6 1-0

[Event "Festival Magistrale"]
[Site "Jesolo ITA"]
[Date "1999.12.??"]
[Round "6"]
[White "Ausmins, Elmar"]
[Black "Danieli, Enrico"]
[Result "1-0"]
[WhiteElo "2261"]
[BlackElo "2039"]
[PlyCount "77"]
[EventDate "1999.12.26"]

1. d4 d5 2. Nf3 e6 3. c4 Nf6 4. Nc3 Be7 5. Bf4 O-O 6. e3 b6 7. Qc2 Bb7 8. cxd5
exd5 9. Bd3 Nbd7 10. O-O c5 11. Rac1 h6 12. h3 Rc8 13. Bf5 Re8 14. Ne5 Bf8 15.
Qa4 Nxe5 16. dxe5 Bc6 17. Qd1 Nd7 18. Nxd5 Nxe5 19. Bxc8 Qxc8 20. e4 Bb5 21.
Re1 Nd3 22. Nc7 Nxf4 23. Nxb5 Rd8 24. Qa4 a6 25. Na7 Qb7 26. Nc6 Rd6 27. Ne5
Re6 28. Nd7 b5 29. Qd1 Rd6 30. Qg4 Nd3 31. Nxc5 Nxc5 32. Rxc5 Rg6 33. Qc8 Qe7
34. Rd5 Qb4 35. Re2 Qe7 36. Rd8 Re6 37. Red2 Rxe4 38. Rxf8+ Kh7 39. Qf5+ 1-0